000 00729cam a2200217 4500
001 ABS62406
008 000000n2000 000 0 eng u
035 _a(Sirsi) u106427
100 _aSalway, J.
245 _aBound by the clause of mutual good faith
260 _c2000
490 _aBuilding Trade and Industry
_v16(5) May 2000, 7(1)
520 _aExplains the rationale behind introducing the concept of good faith into construction contracts. Uses GC/Works/1 (1998) as an example.
590 _aABS
650 _aGOOD FAITH
650 _aEXPRESS TERMS
650 _aBUILT ENVIRONMENT-BUILDING CONTRACT FORMS
650 _aBREACH OF CONTRACT
690 _aBUILT ENVIRONMENT-BUILDING CONTRACT FORMS
942 _n0
999 _c63744
_d63744